Classifying Fish

Bibliographic Details
Main Author: Richard
Other Authors: Spilsbury,Louise
Format: Book
Published: United Kingdom : Heinemann , 2003
Series:Classifying living things
Subjects:

MARC

LEADER 00000cam a2200000 7i4500
001 0000006008
005 20151222.0
008 070814
020 |a 0431167842 
090 0 0 |a ANM   |b ENG 
100 1 |a Richard 
245 0 0 |a Classifying Fish   |c Richard,Louise Spilsbury 
260 |a United Kingdom :   |b Heinemann ,   |c 2003 
440 |a Classifying living things 
500 |a Children ages 10-12 years old (pink) 
650 0 |a Fish   |x juvenile literature 
700 1 |a Spilsbury,Louise 
999 |a 0000981910   |b Book   |c Children Collection   |e Perbadanan Perpustakaan Awam Johor 
999 |a 0000981911   |b Book   |c Children Collection   |e Perbadanan Perpustakaan Awam Johor 
999 |a 0000981912   |b Book   |c Children Collection   |e Perbadanan Perpustakaan Awam Johor